[Event "20th Prague Open 2022"]
[Site "Prague"]
[Date "2022.01.14"]
[Round "9.18"]
[White "Shatil, Shir"]
[Black "Babula, Vlastimil"]
[Result "1-0"]
[WhiteElo "1977"]
[BlackElo "2561"]
[Annotator "TA"]
[PlyCount "117"]
[EventDate "2022.01.07"]
[EventType "swiss"]
[EventCountry "CZE"]
[SourceTitle "playchess.com"]
[Source "ChessBase"]
[SourceQuality "1"]

{[%evp 19,117,15,16,31,20,21,25,2,30,-39,-18,-24,-20,-53,-41,-56,119,111,165,156,157,151,172,147,262,124,303,250,251,154,151,152,227,173,235,239,235,200,244,189,204,191,198,190,233,233,243,0,214,201,195,131,178,85,85,33,49,44,44,30,50,37,137,100,91,62,101,125,108,88,208,201,193,204,341,341,395,349,410,423,385,388,372,354,466,397,456,422,754,740,744,739,738,716,1163,1148,999,946,1058,975]} 1. d4 Nf6 2. c4 g6 3. Nc3 Bg7 4. e4 d6 5. Nf3 O-O 6. h3 e5 7. d5 a5 8. Bg5 Na6 9. Be2 Qe8 10. Nd2 Nd7 11. a3 {[%cal Ob2b4] E92: King's Indian: Classical: 6 Be2 e5: 7 dxe5, 7 Be3 and Petrosian System without 7...Nbd7.} f6 12. Be3 f5 {Strongly threatening ...f4.} 13. f3 {White has an edge.} Qe7 {[%cal Og7h6]} 14. b4 {[#]} (14. O-O $1 $11) 14... Bh6 $1 $15 15. Bf2 {[%cal Oc4c5]} Nf6 {[#]} 16. g4 $146 ({Predecessor:} 16. c5 dxc5 17. Bxa6 Rxa6 18. Bxc5 Qd8 19. b5 Ra8 20. Ra2 c6 21. dxc6 Be6 22. Rc2 {½-½ (43) Postny,E (2585)-Nedev,T (2490) Rio Achaea 2018}) 16... Bd7 17. Rb1 Qf7 $2 (17... Kh8 $15 {stays ahead.}) 18. exf5 $1 $16 (18. bxa5 fxg4 19. hxg4 Nxg4 $1 {[%mdl 512]} 20. Rxh6 Nxh6 21. Rxb7 Bc8 $17) 18... Kh8 (18... axb4 $16 {is a better defense.} 19. fxg6 Qxg6 20. axb4 Bf4) 19. fxg6 $18 (19. bxa5 gxf5 20. Rxb7 fxg4 $11) 19... Qxg6 20. Nde4 Nxe4 21. Nxe4 Rf4 (21... axb4 $16 22. axb4 c6) 22. Qd3 (22. bxa5 $18 Bc8 23. Qc2) 22... Raf8 $2 (22... axb4 $16 23. axb4 c6) 23. Bg3 R4f7 24. O-O (24. bxa5 Bc8 25. h4 Bf4 $18) 24... Bf4 25. Kg2 Rg8 (25... Rg7 $16 26. b5 (26. bxa5 Bf5 $16) 26... Nb8) 26. Qc3 (26. bxa5 $6 Bxg3 27. Nxg3 Qxd3 28. Bxd3 Nc5 $16) 26... Bxg3 (26... Qh6 {was called for.} 27. Bxf4 (27. bxa5 Bxg3 28. Nxg3 Nc5 $16) 27... Rxf4) 27. Nxg3 Qg5 28. Bd3 Qh4 29. Be4 Rf4 30. Rh1 Rgf8 31. Rbf1 Rg8 (31... R4f7 $142 32. Ra1 (32. Bf5 Bxf5 33. f4 Bd7 $17) 32... b6) 32. Ne2 Rf7 33. Ng3 $2 (33. f4 $18 Rgf8 34. f5) 33... Rgg7 $2 (33... Rf4 $1 $11 {and Black stays safe.}) 34. Rfg1 {Active counter play!} Rf4 35. Kf2 (35. Rb1 $18) 35... Rgf7 $16 {[#] Threatens to win with ...Rxe4.} 36. Ke2 (36. Re1 $1 $18 {is more deadly.}) 36... Rf8 37. Kd2 ({Better is} 37. Rg2 $16) 37... c6 $14 38. Ne2 $1 (38. bxa5 Nc5 39. dxc6 Bxc6 40. Bxc6 bxc6 $19) 38... R4f7 39. f4 $1 axb4 40. axb4 Re7 (40... Nc7 $14) 41. f5 cxd5 42. Bxd5 b5 {[#]} 43. Ra1 $1 $36 {[%mdl 2048] White is on the roll.} Nc7 44. Qg3 {Really sharp!} Qxg3 (44... Qf6 $16) 45. Nxg3 $18 bxc4 46. Bxc4 d5 {[#]} (46... Bb5 {might work better.}) 47. Ra7 $1 Bc6 (47... dxc4 48. Rxc7) 48. Be2 ({Less strong is} 48. b5 dxc4 49. bxc6 Rf6 $18) 48... d4 49. Rc1 Nd5 50. Rxe7 Nxe7 51. Rc5 e4 52. Re5 e3+ 53. Kd3 {White is clearly winning.} Rd8 (53... Nd5 $142 54. Kxd4 Nxb4) 54. Rxe7 Bb5+ 55. Ke4 d3 {[#]} 56. Bxd3 $1 Rxd3 (56... Bxd3+ 57. Kxe3) 57. Re5 Bc4 58. Rc5 Rc3 59. Kd4 {[%csl LRc3,LRc4] Weighted Error Value: White=0.25 (precise) /Black=0.45} 1-0

[Event "20th Prague Open 2022"]
[Site "Prague"]
[Date "2022.01.14"]
[Round "9.19"]
[White "Bochnicka, Vladimir"]
[Black "Soucek, Petr"]
[Result "1/2-1/2"]
[WhiteElo "2222"]
[BlackElo "2117"]
[Annotator "TA"]
[PlyCount "42"]
[EventDate "2022.01.07"]
[EventType "swiss"]
[EventCountry "CZE"]
[SourceTitle "playchess.com"]
[Source "ChessBase"]
[SourceQuality "1"]

{[%evp 16,42,10,4,35,29,25,34,56,52,64,0,0,0,1,0,0,14,0,0,0,-14,24,-5,0,0,0,-10,-14]} 1. c4 c5 2. Nc3 Nc6 3. g3 g6 4. Bg2 Bg7 5. e4 e5 6. Nge2 Nge7 7. O-O O-O 8. d3 d6 9. Be3 h6 {A36: Symmetrical English vs ...g6: 4 Bg2 Bg7.} 10. Rb1 Be6 {[#]} 11. Nd5 $146 ({Predecessor:} 11. Qd2 Kh7 12. h3 f5 {½-½ (12) Dittmann,J (1526)-Svane,R (1922) Neumuenster 2008}) 11... Nd4 {White is slightly better.} 12. b4 b6 {[%cal Bb7b6,Bb6c5,Bc5d4][%mdl 32]} 13. h3 (13. bxc5 $14 dxc5 14. Nxd4 exd4 15. Bd2) 13... Nxd5 $11 14. cxd5 Bd7 15. bxc5 bxc5 16. Nxd4 cxd4 17. Bd2 Qc8 18. Qb3 Qa6 19. Bb4 Rfc8 {The position is equal.} 20. Rfc1 Bf8 21. Bf1 Rab8 {Weighted Error Value: White=0.14 (very precise) /Black=0.08 (flawless)} 1/2-1/2

[Event "20th Prague Open 2022"]
[Site "Prague"]
[Date "2022.01.14"]
[Round "9.20"]
[White "Novotny, Michal"]
[Black "Kudrytskyi, Stanislav"]
[Result "1-0"]
[WhiteElo "2236"]
[BlackElo "2057"]
[Annotator "TA"]
[PlyCount "53"]
[EventDate "2022.01.07"]
[EventType "swiss"]
[EventCountry "CZE"]
[SourceTitle "playchess.com"]
[Source "ChessBase"]
[SourceQuality "1"]

{[%evp 16,53,52,48,37,41,49,25,20,20,62,58,191,179,213,196,187,0,0,23,17,11,48,27,66,16,22,-11,166,11,391,408,908,495,29987,29988,29984,1061,29998,29999]} 1. e4 d6 2. d4 Nf6 3. Nc3 e5 4. Nf3 Nbd7 5. Bc4 Be7 6. O-O O-O 7. Re1 c6 8. a4 b6 {The old main line.} 9. h3 Bb7 {C41: Philidor Defence.} 10. Ba2 Qc7 11. dxe5 {was the old line (11.Nh4).} dxe5 {White has an edge.} 12. Nh4 {[%cal Bf3h4,Bh4f5,Bf5e3][%mdl 32]} Rfe8 (12... Bc8 $11 {might be stronger.}) 13. Qf3 $14 {White is more active.} Bf8 ({Better is} 13... Nc5 $14) 14. Nf5 $18 {[#]} b5 $146 ({Predecessor:} 14... Rad8 15. Bg5 g6 16. Ne3 Be7 17. Ng4 Nxg4 18. Qxf7+ Kh8 19. Bxe7 Rf8 20. Bxf8 Rxf8 21. Qe7 Ngf6 22. Rad1 Re8 23. Qd6 Qd8 {1-0 (23) Fedorchuk,S (2618)-Moussard,J (2426) Paris 2011}) 15. Bg5 b4 {[#]} 16. Ne2 (16. Rad1 $1 $18 Kh8 (16... g6 17. Nh6+) 17. Nb1 (17. Bxf7 bxc3 18. Bxe8 Rxe8 $11)) 16... c5 $1 $11 17. Neg3 {Strongly threatening Nh5.} c4 18. Rad1 {[%cal Of5h6]} Re6 19. Ne3 $1 Rc6 20. Ngf5 ({White should try} 20. Rd2 $14) 20... Re8 21. Bh4 (21. c3 $5 {[%cal Rc3b4]}) 21... Nb6 $2 {[#]} (21... g6 $11 22. Bxc4 Rxc4 23. Nxc4 gxf5 24. Bxf6 Nxf6 25. Qxf5 Qxc4 26. Qxf6 Qc6) 22. a5 $2 ({Only move:} 22. Nh6+ $1 $18 {[%mdl 512]} Kh8 23. a5 $1) 22... Na4 $2 {[%mdl 8192]} (22... Nbd7 $11) 23. Nxc4 $18 {[%cal Oc4d6] Threatens to win with Ncd6!} Rxc4 (23... Nc5 $142 24. Nh6+ gxh6) 24. Bxf6 Re6 {[#]} (24... g6 $18 25. Bxc4 Qxc4) 25. Nh6+ $1 {[%mdl 512]} Kh8 {[#]} 26. Bd8 Qc6 27. Qxf7 {Weighted Error Value: White=0.54/Black=1.23} 1-0

[Event "20th Prague Open 2022"]
[Site "Prague"]
[Date "2022.01.14"]
[Round "9.21"]
[White "Azhar, Puteri Munajjah Az-Z"]
[Black "Van Foreest, Machteld"]
[Result "1/2-1/2"]
[WhiteElo "2052"]
[BlackElo "2189"]
[Annotator "NA"]
[PlyCount "119"]
[EventDate "2022.01.07"]
[EventType "swiss"]
[EventCountry "CZE"]
[SourceTitle "playchess.com"]
[Source "ChessBase"]
[SourceQuality "1"]
[TimeControl "40/5400+30:1800+30"]

1. d4 {[%emt 0:00:03]} d5 {[%emt 0:10:33]} 2. c4 {[%emt 0:00:09]} c6 {[%emt 0:00:04]} 3. Nc3 {[%emt 0:00:16]} Nf6 {[%emt 0:00:04]} 4. Nf3 {[%emt 0:00:37]} e6 {[%emt 0:00:29]} 5. e3 {[%emt 0:00:59]} Bd6 {[%emt 0:01:33]} 6. Be2 {[%emt 0:00:50]} O-O {[%emt 0:00:16]} 7. Qc2 {[%emt 0:00:36]} Nbd7 {[%emt 0:09:44]} 8. O-O {[%emt 0:07:42]} b6 {[%emt 0:03:49]} 9. e4 {[%emt 0:04:14]} dxe4 {[%emt 0:01:17] 9...Nxe4 is more fashionable.} 10. Nxe4 {[%emt 0:00:07]} Be7 {[%emt 0:10:37]} 11. b3 {[%emt 0:13:52]} Nxe4 {[%emt 0:01:45]} 12. Qxe4 {[%emt 0:00:48]} Bb7 {[%emt 0:01:16] [#]} 13. Rd1 $146 {[%emt 0:02:25]} ({Predecessor:} 13. Bb2 Re8 14. Bd3 Nf6 15. Qh4 h6 16. Ne5 Nd7 17. Qe4 f5 18. Qe2 Nxe5 19. dxe5 Qc7 20. Bc3 Rad8 21. b4 Rd7 22. Rfd1 Red8 23. Bc2 {½-½ (23) Gonzalez Vega,A (2291)-Romero Nunez,W (2125) Havana 2010}) 13... Nf6 {[%emt 0:00:33]} 14. Qc2 {[%emt 0:02:24]} Qc7 {[%emt 0:01:19]} 15. Bb2 {[%emt 0:14:04]} Rfd8 {[%emt 0:00:41]} 16. c5 {[%emt 0:03:58]} Nd5 {[%emt 0:01:20]} 17. Ne5 {[%emt 0:04:56]} Bf6 {[%emt 0:07:37]} 18. Bf3 {[%emt 0:01:55]} Rac8 {[%emt 0:04:11]} 19. a3 {[%emt 0:01:28]} bxc5 {[%emt 0:09:08]} 20. Qxc5 {[%emt 0:00:16]} Be7 {[%emt 0:00:08]} 21. Qc2 {[%emt 0:00:35]} c5 {[%emt 0:00:50]} 22. dxc5 {[%emt 0:00:44]} Bd6 {[%emt 0:12:37]} 23. Re1 {[%emt 0:13:22]} Bxc5 {[%emt 0:03:36]} 24. b4 {[%emt 0:11:29]} Bb6 {[%emt 0:00:09]} 25. Qxc7 {[%emt 0:00:09]} Rxc7 {[%emt 0:00:08]} 26. Rac1 {[%emt 0:00:42]} Rxc1 {[%emt 0:00:25]} 27. Bxc1 {[%emt 0:03:44]} Rc8 {[%emt 0:01:10]} 28. Nd7 {[%emt 0:03:33]} Bd4 {[%emt 0:01:36]} 29. Be3 {[%emt 0:04:11]} Bb2 {[%emt 0:04:01]} 30. Bxa7 {[%emt 0:03:24]} Bxa3 {[%emt 0:01:15]} 31. b5 {[%emt 0:00:20]} Rc7 {[%emt 0:05:53]} 32. Ne5 {[%emt 0:00:36]} f6 {[%emt 0:02:38]} 33. Nd3 {[%emt 0:01:16]} Rc3 {[%emt 0:01:01]} 34. Bxd5 {[%emt 0:01:05]} (34. Be2 $1 $11 {remains equal.}) 34... exd5 {[%emt 0:01:05]} 35. Nf4 {[%emt 0:00:18]} Rb3 {[%emt 0:00:09]} 36. Ne6 {[%emt 0:00:35]} Rxb5 {[%emt 0:00:35]} 37. Nd8 {[%emt 0:00:10]} Be7 {[%emt 0:00:48]} 38. Ne6 {[%emt 0:00:18]} Ra5 {[%emt 0:01:48]} 39. Bd4 {[%emt 0:00:24] [#]} Kf7 {[%emt 0:01:36]} (39... Bd6 $1 $17 40. Nd8 Bc8) 40. Nxg7 {[%emt 0:00:24]} Bc8 {[%emt 0:01:20]} 41. Nh5 {[%emt 0:30:36]} Ra4 {[%emt 0:30:38]} 42. Bb2 {[%emt 0:00:00]} Ra2 {[%emt 0:00:00]} 43. Bd4 $1 {[%emt 0:00:00]} Ra4 {[%emt 0:00:00]} 44. Bb2 {[%emt 0:00:00]} Bg4 {[%emt 0:00:00]} 45. Ng3 {[%emt 0:00:00]} Bc5 {[%emt 0:00:00]} 46. Ra1 {[%emt 0:00:00]} (46. Rc1 $1 $11 {keeps the balance.} Rc4 47. Rxc4 dxc4 48. Kf1) 46... Rf4 {[%emt 0:00:00]} 47. Nh1 {[%emt 0:00:00]} Rb4 {[%emt 0:00:00]} 48. Bc3 {[%emt 0:00:00]} Rb3 {[%emt 0:00:00]} 49. Be1 {[%emt 0:00:00]} d4 {[%emt 0:00:00]} 50. f3 $17 {[%emt 0:00:00]} Be6 {[%emt 0:00:00]} 51. Bf2 {[%emt 0:00:00]} Rc3 {[%emt 0:00:00]} 52. Ng3 {[%emt 0:00:00]} f5 {[%emt 0:00:00]} 53. Ne2 {[%emt 0:00:00]} Rd3 {[%emt 0:00:00]} 54. Rc1 {[%emt 0:00:00]} Ba3 {[%emt 0:00:14]} 55. Rc7+ {[%emt 0:00:31]} Ke8 {[%emt 0:01:33]} 56. Bxd4 {[%emt 0:00:08]} Rd2 {[%emt 0:01:44]} 57. Kf2 {[%emt 0:00:08]} Bd6 {[%emt 0:01:39]} 58. Rc3 {[%emt 0:01:47]} Kd7 {[%emt 0:01:27]} 59. Ke3 {[%emt 0:01:32]} Ra2 {[%emt 0:00:03]} 60. Bc5 {[%emt 0:03:27]} 1/2-1/2

[Event "20th Prague Open 2022"]
[Site "Prague"]
[Date "2022.01.14"]
[Round "9.22"]
[White "Finn, Peter"]
[Black "Winter, Ondrej"]
[Result "1/2-1/2"]
[WhiteElo "2020"]
[BlackElo "2153"]
[Annotator "TA"]
[PlyCount "95"]
[EventDate "2022.01.07"]
[EventType "swiss"]
[EventCountry "CZE"]
[SourceTitle "playchess.com"]
[Source "ChessBase"]
[SourceQuality "1"]

{[%evp 20,95,35,38,40,44,56,51,50,54,54,51,57,55,51,41,48,43,85,76,93,96,104,103,114,102,107,114,127,123,170,122,120,124,130,31,153,145,169,166,155,137,164,85,175,176,197,81,80,72,147,179,188,186,176,152,152,150,159,93,95,83,83,83,177,83,161,83,134,92,221,8,8,0,0,0,8,8]} 1. e4 c5 2. Nf3 Nc6 3. d4 cxd4 4. Nxd4 g6 5. c4 Bg7 6. Be3 Nf6 7. Nc3 d6 8. Be2 O-O 9. O-O Bd7 10. Re1 Nxd4 11. Bxd4 Bc6 {B38: Sicilian: Maroczy Bind with 5...Bg7 and 7...0-0.} 12. Qc2 a5 13. b3 Nd7 {White is slightly better.} 14. Bxg7 Kxg7 15. Rad1 Qb6 {[#]} 16. Nd5 $146 ({Predecessor:} 16. h4 Ne5 17. a3 f5 18. Nd5 Bxd5 19. exd5 f4 20. Qc3 Kg8 21. b4 Qa7 22. c5 axb4 23. axb4 {1-0 (54) Fonteneau,B (2138)-Battaglia,R (2164) ICCF email 2015}) 16... Bxd5 17. exd5 Nc5 18. Bf1 Rfe8 (18... e6 $14 {deserves consideration.}) 19. Re3 $16 Rad8 20. g3 e5 21. dxe6 $1 fxe6 22. Qc3+ e5 23. a3 Ne6 24. Rd5 a4 (24... Rf8 $16) 25. Rb5 (25. bxa4 $18 g5 26. Bg2) 25... Qc7 26. Bg2 (26. bxa4 Nd4 $14) 26... b6 27. Qb4 (27. bxa4 $16 {Hoping for a5.} Kh8 28. Qb2) 27... axb3 (27... Rb8 $1 $14) 28. Rxb6 Rb8 29. Rxb3 {[%cal Rb6b8]} Rxb6 30. Qxb6 Qxc4 31. Qb7+ (31. Qa7+ $1 $18 Nc7 32. Rb7) 31... Nc7 (31... Kh6 $16 {was worth a try.}) 32. Rb6 $1 $18 {Rc6 is the strong threat.} Re7 (32... Qc1+ $2 33. Bf1 Re7 34. Rc6 Qxa3 35. Rxc7 $18) 33. Qc6 ({Don't play} 33. Rxd6 $6 Qc1+ 34. Bf1 Qxa3 $14) (33. Rc6 $18 {is the precise move to win.} Qf7 34. Qb4 (34. Rxd6 Ne8 $17)) 33... Qxc6 $16 34. Bxc6 {[%mdl 4096] Endgame KRB-KRN} d5 (34... Ne6 $142) 35. a4 $1 {[%cal Ba3a4,Ba4a5][%mdl 32]} Re6 36. a5 {[%cal Oc6d5]} Kf6 37. Bb7 Ke7 38. Kf1 {White is more active.} Kd7 39. Rxe6 (39. Ke2 $142) 39... Kxe6 {KB-KN} 40. a6 Nb5 41. Ke2 Kd6 (41... Na7 $16) 42. Kd3 (42. Ke3 $1 $18 {and White stays clearly on top.}) 42... Kc5 (42... e4+ $16 {is a better defense.} 43. Ke3 Na7) 43. h4 $1 $18 h6 {[#]} ({Better is} 43... Na7) 44. f4 $1 $16 e4+ {[#]} (44... exf4 $16 {was called for.} 45. gxf4 Na7) 45. Ke3 $2 (45. Kd2 $1 $18) 45... h5 $11 {The position is equal.} 46. Bc8 d4+ 47. Kd2 {Threatens to win with Bb7.} Kb6 {Strongly threatening ...Nd6.} 48. f5 {Weighted Error Value: White=0.25 (precise) /Black=0.24 (precise)} 1/2-1/2

[Event "20th Prague Open 2022"]
[Site "Prague"]
[Date "2022.01.14"]
[Round "9.23"]
[White "Lhotska, Anna"]
[Black "Cornelisse, John"]
[Result "0-1"]
[WhiteElo "2014"]
[BlackElo "2173"]
[Annotator "TA"]
[PlyCount "20"]
[EventDate "2022.01.07"]
[EventType "swiss"]
[EventCountry "CZE"]
[SourceTitle "playchess.com"]
[Source "ChessBase"]
[SourceQuality "1"]

{[%evp 9,19,-11,0,-20,2,4,62,-579,-585,-561,-563,-29999]} 1. e4 c6 2. d4 d5 3. f3 Qb6 4. Nc3 dxe4 5. fxe4 e5 $1 6. dxe5 {[#] aiming for Bc4. B12: Caro-Kann: Advance Variation.} Be6 {To avoid Bc4 6...Bc5 is not played anymore.} 7. Nf3 Bc5 {[#] Prevents Nd4.} (7... Nd7 $11) 8. Na4 $146 {[%mdl 8192]} (8. Qd2 $14 {keeps the upper hand.}) ({Predecessor:} 8. Bd3 Be3 9. Na4 Qa5+ 10. b4 Qxa4 11. Bxe3 Qxb4+ 12. Bd2 Qa4 13. Rb1 Nd7 14. Rxb7 {1-0 (36) Bosiocic,M (2503)-Predojevic,B (2651) Plovdiv 2008}) 8... Bf2+ $19 9. Ke2 Bc4+ 10. Kd2 Qe3# {Weighted Error Value: White=2.25/Black=0.22 (precise)} 0-1

[Event "20th Prague Open 2022"]
[Site "Prague"]
[Date "2022.01.14"]
[Round "9.24"]
[White "Sindler, Michal"]
[Black "Yakimenko, Alexander A."]
[Result "1-0"]
[WhiteElo "2138"]
[BlackElo "2055"]
[Annotator "TA"]
[PlyCount "51"]
[EventDate "2022.01.07"]
[EventType "swiss"]
[EventCountry "CZE"]
[SourceTitle "playchess.com"]
[Source "ChessBase"]
[SourceQuality "1"]

{[%evp 12,51,20,15,45,41,97,111,231,112,102,124,116,117,111,110,104,90,167,162,395,407,402,386,397,397,379,378,337,311,306,155,1255,1255,1255,1249,1225,1220,1487,1487,1479,1479]} 1. e4 e6 2. d4 d5 3. Nc3 Bb4 4. e5 b6 5. a3 Bxc3+ 6. bxc3 Ne7 7. Qg4 O-O {C16: French: 3 Nc3 Bb4 4 e5: Lines without ...c5.} 8. Bg5 Qd7 (8... Nd7 $14) 9. Bd3 $1 $16 {[%cal Od3h7]} Re8 {[#]} (9... Nf5 $16) 10. Nf3 $146 (10. h4 $1 $18 {and the rest is easy. Threatens to win with Bf6.} Kh8 11. Qh5) ({Predecessor:} 10. h4 Kh8 11. h5 h6 12. Nf3 Ba6 13. Bf6 Rg8 14. Qf4 Bxd3 15. Qxh6+ Bh7 16. Ng5 gxf6 17. Qxh7# {1-0 (17) Kosintseva,T (2496)-Krush,I (2491) Khanty-Mansiysk 2014}) 10... Ba6 11. Bf6 $40 {[%csl Gf6][%cal Rg4g7][%mdl 128] White has strong attack. White is more active.} Ng6 12. Bxa6 Nxa6 {[#]} 13. h4 $1 {[%cal Bh2h4,Bh4h5][%mdl 32] And now h5! would win.} gxf6 14. exf6 {Hoping for h5.} Qd8 {[#]} (14... Qc6 $16 15. Kd1 Qxc3) 15. Qg5 $1 $18 (15. h5 Qxf6 16. hxg6 fxg6 $11) 15... e5 $2 (15... Nc5 16. dxc5 h6) 16. h5 {[%mdl 64] Pin} exd4+ 17. Kf1 h6 (17... dxc3 $2 18. hxg6 fxg6 19. f7+ Kg7 20. fxe8=N+ Qxe8 21. Qh6+ Kf7 22. Qxh7+ Kf6 23. Qh4+ Ke6 24. Re1+ Kd6 25. Rxe8 $18) 18. Qxh6 {[%csl Gf6][%cal Rh6g7]} Qxf6 {[%cal Of6h8]} 19. hxg6 {The board is on fire.} fxg6 20. Qh7+ (20. cxd4 Qg7 21. Qg5 Nc5 22. Qxd5+ Ne6) 20... Kf8 21. Nh4 ({Weaker is} 21. Nxd4 Qg7 $16) ({Not} 21. Qh6+ Ke7 22. cxd4 Rh8 23. Qe3+ Kd6 24. Rxh8 Rxh8 $14) ({Only move:} 21. cxd4 $18 Qg7 22. Qh3 (22. Ne5 Qxh7 23. Rxh7 Kg8 $18)) 21... Re6 {[#] This move loses the game for Black.} (21... Qg7 $16 22. Nxg6+ Kf7) 22. Rh3 $1 {Rf3 is the strong threat. White is clearly winning.} ({Less strong is} 22. Nf3 Rae8 $16) 22... Ke8 23. Qg8+ {[%mdl 64] Skewer} Kd7 24. Qxa8 Qe5 25. Nf3 Qe2+ 26. Kg1 {Weighted Error Value: White=0.16 (very precise) /Black=0.39} 1-0